| Поле | Инд. | ПП | Название | Значение |
|---|---|---|---|---|
| Тип записи | a | |||
| Библиографический уровень | m | |||
| 001 | Контрольный номер | b7870235-55cb-4657-93e4-f9ea1d0dfe2e | ||
| 005 | Дата корректировки | 20140227061602.6 | ||
| 008 | Кодируемые данные | 060607s1980 rur a 000u 0rus d | ||
| 020 | c | Цена, тираж | 2 р. 10 к. | |
| 040 | a | Служба первич. каталог. | RuMoRKP | |
| 040 | a | Служба первич. каталог. | НБ ТвГУ | |
| 041 | a | Код языка текста | rus | |
| 080 | a | Индекс УДК | 53:51 | |
| 084 | a | Индекс другой классификации/Индекс ББК | В311 | |
| a | Индекс другой классификации/Индекс ББК | В16 | ||
| 090 | x | Авторский знак | Л13 | |
| a | Полочн. индекс | В311 | ||
| 100 | 1_ | a | Автор | Лаврентьев Михаил Михайлович |
| 245 | 00 | a | Заглавие | Некорректные задачи математической физики и анализа |
| c | Ответственность | М. М. Лаврентьев, В. Г. Романов, С. П. Шишатский | ||
| 260 | 0_ | a | Место издания | Москва |
| b | Издательство | Наука | ||
| c | Дата издания | 1980 | ||
| 300 | a | Объем | 286 с. | |
| c | Размеры | 22 см. | ||
| 500 | a | Примечание | В надзаг.: АН СССР, Сиб. отд-ние, ВЦ | |
| 504 | a | Библиография | Библиогр.: с. 270-284. | |
| 650 | a | Основная рубрика | Математическая физика | |
| x | Основная подрубрика | Некорректные задачи | ||
| 650 | a | Основная рубрика | Математический анализ | |
| 700 | 1_ | a | Другие авторы | Романов Владимир Гаврилович |
| e | Роль лиц | авт. | ||
| 700 | 1_ | a | Другие авторы | Шишатский Сергей Петрович |
| e | Роль лиц | авт. | ||
| 852 | t | Порядковый номер экземпляра | 6 | |
| p | Инвентарный номер | 476573 | ||
| p | Инвентарный номер | 476574 | ||
| p | Инвентарный номер | 476575 | ||
| p | Инвентарный номер | 476576 | ||
| p | Инвентарный номер | 476577 | ||
| p | Инвентарный номер | 476578 | ||
| 954 | a | Дата поступления на обработку | 20080305 | |
| 999 | a | Подразделение 2 | Фил3 |